000 00835nam a2200229 i 4500
001 26650
003 ES-MaACL
005 20260227162729.0
007 t|
008 030110s1970 sp ||||1| cat d
100 1 _aArús, Joan.
_9152443
245 1 0 _aTres poetes
_b: Maragall, Alcover, Guasch ; La poesía postverdagueriana (de Maragall a Carner) /
_cJoan Arús ; [am un proleg de Maurici Serrahima].
260 _a[Barcelona :
_bPáortic,
_c1970]
300 _a108 p. ;
_c18 cm.
600 1 4 _aMaragall, Joan,
_d1860-1911
_9152432
600 1 4 _aGuasch, Joan Maria (
_d1878-1961)
_9152444
600 1 7 _aAlcover, Joan,
_d1854-1926
_2
_9152445
700 1 _aSerrahima, Maurici.
_9105674
740 3 _aLa poesía postverdagueriana (de Maragall a Carner)
852 _aES-MaACL
_jC-50736
_bR.76026
999 _c26650
_d26650